00322nam a2200097Ia 4500008004100000100002100041245005000062245002200112260000900134856008100143160531s9999 xx 000 0 und d aEschrig, Helmut. 4aThe Fundamentals of Density Functional Theory cby Helmut Eschrig c2013 uhttp://www.ifw-dresden.de/userfiles/groups/itf_folder/Helmut_Eschrig/dft.pdf